|
|
|
|
| LEADER |
00000cam a22000004a 4500 |
| 001 |
musev2_68671 |
| 003 |
MdBmJHUP |
| 005 |
20230905051111.0 |
| 006 |
m o d |
| 007 |
cr||||||||nn|n |
| 008 |
110328s2010 ncu o 00 0 eng d |
| 020 |
|
|
|a 9780822393276
|
| 020 |
|
|
|z 9780822348290
|
| 020 |
|
|
|z 9780822348177
|
| 035 |
|
|
|a (OCoLC)1139660393
|
| 040 |
|
|
|a MdBmJHUP
|c MdBmJHUP
|
| 100 |
1 |
|
|a Foley, Barbara,
|d 1948-
|
| 245 |
1 |
0 |
|a Wrestling with the Left :
|b The Making of Ralph Ellison's Invisible Man /
|c Barbara Foley.
|
| 264 |
|
1 |
|a Durham [NC] :
|b Duke University Press,
|c 2010.
|
| 264 |
|
3 |
|a Baltimore, Md. :
|b Project MUSE,
|c 2020
|
| 264 |
|
4 |
|c ©2010.
|
| 300 |
|
|
|a 1 online resource (462 pages).
|
| 336 |
|
|
|a text
|b txt
|2 rdacontent
|
| 337 |
|
|
|a computer
|b c
|2 rdamedia
|
| 338 |
|
|
|a online resource
|b cr
|2 rdacarrier
|
| 505 |
0 |
|
|a Introduction : reading forward to Invisible man -- Forming a politics -- Developing an aesthetic -- Writing from the left -- Living Jim Crow -- Becoming proletarian -- Finding brotherhood -- Recognizing necessity -- Beginning and ending.
|
| 520 |
|
|
|a A biography of the creation of THE INVISIBLE MAN by Ralph Ellison.
|
| 588 |
|
|
|a Description based on print version record.
|
| 600 |
1 |
7 |
|a Ellison, Ralph,
|d (1914-1994)
|x Pensee politique et sociale.
|2 ram
|
| 600 |
1 |
7 |
|a Ellison, Ralph (1914-1994).
|t Invisible man.
|2 ram
|
| 600 |
1 |
7 |
|a Ellison, Ralph
|d 1914-1994
|t Invisible man
|2 gnd
|
| 600 |
1 |
7 |
|a Ellison, Ralph.
|2 fast
|0 (OCoLC)fst00002922
|
| 600 |
1 |
0 |
|a Ellison, Ralph
|x Political and social views.
|
| 600 |
1 |
0 |
|a Ellison, Ralph.
|t Invisible man.
|
| 650 |
1 |
7 |
|a Invisible man (Ellison)
|2 gtt
|0 (NL-LeOCL)125344910
|
| 650 |
|
7 |
|a Political and social views.
|2 fast
|0 (OCoLC)fst01353986
|
| 650 |
|
7 |
|a LITERARY CRITICISM / American / African American
|2 bisacsh
|
| 650 |
|
7 |
|a LITERARY CRITICISM
|x American
|x General.
|2 bisacsh
|
| 630 |
0 |
7 |
|a Invisible man (Ellison, Ralph)
|2 fast
|0 (OCoLC)fst01356600
|
| 655 |
|
7 |
|a Electronic books.
|2 local
|
| 710 |
2 |
|
|a Project Muse.
|e distributor
|
| 830 |
|
0 |
|a Book collections on Project MUSE.
|
| 856 |
4 |
0 |
|z Texto completo
|u https://projectmuse.uam.elogim.com/book/68671/
|
| 945 |
|
|
|a Project MUSE - Custom Collection
|